A fenntartható fejlődés
Elmentve itt :
| Szerző: | |
|---|---|
| További közreműködők: | |
| Dokumentumtípus: | Szakdolgozat |
| Megjelent: |
1998
|
| Tárgyszavak: | |
| Online Access: | http://diploma.bibl.u-szeged.hu/24564 |
| LEADER | 00536nta a2200157 i 4500 | ||
|---|---|---|---|
| 001 | dipl24564 | ||
| 005 | 20130314082759.0 | ||
| 008 | 110825s1998 hu om 0|| zxx d | ||
| 040 | |a SZTE Diploma Repozitórium |b hun | ||
| 041 | |a zxx | ||
| 100 | 1 | |a Holota Szabolcs | |
| 245 | 1 | 2 | |a A fenntartható fejlődés |h [elektronikus dokumentum] / |c Szabolcs Holota |
| 260 | |c 1998 | ||
| 650 | 4 | |a Jogi és igazgatási tanulmányok | |
| 700 | 1 | |a Bobvos Pál |e ths | |
| 856 | 4 | 0 | |u http://diploma.bibl.u-szeged.hu/id/eprint/24564/1/1998_holota_szabolcs.pdf |z Dokumentum-elérés |